| 000 | 00459ntaaa2200157 4500 | ||
|---|---|---|---|
| 003 | 01 | ||
| 005 | 20251027201920.0 | ||
| 008 | 0714s1973 ag 01 | ||
| 040 |
_aAR-BaBN _bspa _cAR-BaBN _eaacr _dRIC |
||
| 082 | _a244.1200 G76g1 | ||
| 245 | _aGrandes héroes de la Biblia; Ruth la moabita, Smauel el juez implacable, David el pastorcillo invencible. | ||
| 250 | _a1 ed. | ||
| 260 |
_aMiami : _bLogoi, _c1974 |
||
| 650 | _aNiños-Historias Bíblicas | ||
| 942 | _cBK | ||
| 999 |
_c13865 _d13865 |
||